| 000 | 00433 a2200157 4500 | ||
|---|---|---|---|
| 999 |
_c12835 _d12835 |
||
| 003 | OSt | ||
| 005 | 20240801154620.0 | ||
| 008 | 240801b ||||| |||| 00| 0 eng d | ||
| 020 | _a9780609807231 | ||
| 082 | _a659.1 | ||
| 100 | _aJames B. Twitchell | ||
| 245 | _aTwenty Ads That Shook the World: The Century's Most Groundbreaking Advertising and How It Changed Us All | ||
| 260 |
_bCrown; _c2001 |
||
| 300 | _a229p; | ||
| 942 | _2ddc | ||